• 首页
  • 本馆介绍
  • 公告通知
  • 最新文献
  • 馆藏检索
  • 电子资源
  • 读者导购
  • 参考咨询
  • 我的图书馆
  • 登录
  • 详细信息显示
  • 放入我的书架
  • 预约/预借图书
  • 作者相关作品
  • 分类相关作品
  • 丛书相关作品
  • 出版社相关作品

书目信息

  • 表格格式
  • 工作单格式
  • 卡片格式
题名:
唐菖蒲
    
 
作者: 蔡汉 编著
分册:  
出版信息: 南京   江苏科学技术出版社  2000
页数: 101页
开本: 19cm
丛书名: 棚室花卉栽培技术丛书
单 册:
中图分类: S682.2
科图分类:
主题词: 菖蒲--塑料温室--温室栽培 , CT--S007043--菖蒲 , CT--S071780--塑料温室 , CT--S078458--温室栽培
电子资源:
ISBN: 7-5345-3121-7
000 00947oam2 2200301 45
001 012001084686
005 20050101145255.7
010    @a7-5345-3121-7@dCNY6.50
100    @a20011017d2000 em y0chiy0110 ea
101 0  @achi
102    @aCN@b320000
105    @aa z 000yy
200 1  @a唐菖蒲@ATang Chang Pu@f蔡汉等编著
210    @a南京@c江苏科学技术出版社@d2000
215    @a101页@c彩图@d19cm
225 2  @a棚室花卉栽培技术丛书
330    @a本书介绍了唐菖蒲的概况,棚室类型与建造,对环境条件的要求,优良品种,育苗与繁殖,栽培技术,病虫害防治,采收与贮运。
410    @12001 @a棚室花卉栽培技术丛书
461  0 @12001 @a棚室花卉栽培技术丛书
606 0  @a菖蒲@x塑料温室@x温室栽培
606 0  @2CT@3S007043@a菖蒲
606 0  @2CT@3S071780@a塑料温室
606 0  @2CT@3S078458@a温室栽培
690    @aS682.2@v4
701  0 @a蔡汉@ACai Han@4编著
801  0 @aCN@bahty@c20011031
905    @aBZT@dS682.2@e162
906    @dCNY6.50@n0@r1
    
    唐菖蒲/蔡汉等编著.-南京:江苏科学技术出版社,2000
    101页:彩图;19cm.-(棚室花卉栽培技术丛书)
    
    
    ISBN 7-5345-3121-7:CNY6.50
    本书介绍了唐菖蒲的概况,棚室类型与建造,对环境条件的要求,优良品种,育苗与繁殖,栽培技术,病虫害防治,采收与贮运。
●
相关链接 在五车中查询图书 在当当中查询图书 在豆瓣中查询图书


正题名:唐菖蒲     索取号:S682.2/162         预约/预借

序号 登录号 条形码 馆藏地/架位号 状态 备注
1 379105   210020038   中心书库中库/ 中库032架A面5列3层73/ [索取号:S682.2/162] 在馆    
2 379106   210020047   中心书库中库/ 中库032架A面5列3层71/ [索取号:S682.2/162] 在馆    
3 379107   210020065   中心书库中库/ 中库032架A面5列3层77/ [索取号:S682.2/162] 在馆    
4 379108   210020083   中心书库中库/ 中库032架A面5列3层68/ [索取号:S682.2/162] 在馆    
5 379109   210020056   中心书库中库/ 中库032架A面5列3层58/ [索取号:S682.2/162] 在馆    
6 379110   210020074   中心书库中库/ 中库032架A面5列3层59/ [索取号:S682.2/162] 在馆    
7 379111   210020092   中心书库中库/ 中库032架A面5列3层72/ [索取号:S682.2/162] 在馆    
8 379112   210020109   中心书库中库/ 中库032架A面5列3层75/ [索取号:S682.2/162] 在馆    
9 379113   210020127   中心书库中库/ 中库032架A面5列3层56/ [索取号:S682.2/162] 在馆    
10 379114   210020118   中心书库中库/ 中库032架A面5列3层57/ [索取号:S682.2/162] 在馆    
山东省滨州职业学院图书馆 欢迎您!
大连网信软件有限公司© 版权所有